Sistema patrimonial concursal : efectos liberatorios de la quiebra /
Guardado en:
| Autor Principal: | |
|---|---|
| Otros Autores: | |
| Formato: | Libro |
| Idioma: | Spanish |
| Publicado: |
Santa Fé :
Rubinzal - Culzoni,
2018
|
| Edición: | 1a. ed. |
| Materias: | |
| Etiquetas: |
Agregar Etiqueta
Sin Etiquetas, Sea el primero en etiquetar este registro!
|
| LEADER | 00646nam a22001815a 4500 | ||
|---|---|---|---|
| 001 | DER.der013628 | ||
| 008 | 180615s2018####ag#||||||||||||||#||spa|| | ||
| 005 | 20241031120108.0 | ||
| 245 | 1 | 0 | |a Sistema patrimonial concursal : |b efectos liberatorios de la quiebra / |c Darío J. Graziabile, con prólogo de Ariel Angel Dasso. |
| 250 | |a 1a. ed. | ||
| 260 | |a Santa Fé : |b Rubinzal - Culzoni, |c 2018 | ||
| 300 | |a 684 p. | ||
| 020 | |a 9789873008634 | ||
| 100 | 1 | |a Graziabile, Darío J. | |
| 700 | 1 | |a Dasso, Ariel Angel, |e prol. | |
| 650 | 7 | |a DERECHO CONCURSAL | |
| 859 | |a DERECHO |b BIB. DERECHO |h 346.07 |i GRA |p 008664 | ||
| 859 | |a DERECHO |b BIB. DERECHO |h 346.07 |i GRA |p 008665 |t 1 | ||
